00520nam a22001337a 4500003000900000005001700009008004100026040001300067100002400080245003100104260001700135300001700152520021700169IT-RoPau20220918181107.0130605b xxu||||| |||| 00| 0 eng d cIT-RoPau aCastañeda, Rafael aLa preghiera dell'Apostolo a?bSSPcS.d. a8 pp.c21 cm aIndice La preghiera dell'Apostolo 1. Il dopo-Damasco di Paolo. Anni di silenzio, approfondimento e di ricerca (dal 36 al 46 circa) 2. La preghiera paolina di ringraziamento: lettura di fede della vita apostolica